000 00295nam a22001337a 4500
008 180306b xxu||||| |||| 00| 0 eng d
020 _a9781269783682
041 _aeng
080 _a611
100 _a7
101 _aANA
245 _aIntegrate anatomy& physiology
_cPearson
942 _2udc
_cBK
999 _c44142
_d44142